000 00253nam a2200109Ia 4500
008 170627s9999 xx 000 0 und d
100 _aHORNGERN SUNDLM
245 0 _aINTRO TO FINANCIAL ACCOUNTING
260 _bPEARSON
260 _c2005
546 _aENGLISH
690 _aACCOUNTING
999 _c35290
_d35290